Meeting the needs of disaffected students (Record no. 239909)
[ view plain ]
| 000 -LEADER | |
|---|---|
| fixed length control field | 01524nam a2200361 a 4500 |
| 082 04 - DEWEY DECIMAL CLASSIFICATION NUMBER | |
| Classification number | 371.93 |
| 100 1# - MAIN ENTRY--AUTHOR NAME | |
| Personal name | Vizard, Dave. |
| 245 10 - TITLE STATEMENT | |
| Title | Meeting the needs of disaffected students |
| 260 ## - PUBLICATION, DISTRIBUTION, ETC. (IMPRINT) | |
| Place of publication | London ; |
| -- | New York : |
| Name of publisher | Network Continuum, |
| Year of publication | c2009. |
| 300 ## - PHYSICAL DESCRIPTION | |
| Number of Pages | vi, 122 p. : |
| Other physical details | ill. |
| 490 0# - SERIES STATEMENT | |
| Series statement | Meeting the needs series |
| 650 #0 - SUBJECT ADDED ENTRY--TOPICAL TERM | |
| Topical Term | Children with social disabilities |
| Topical Term | Motivation in education |
| Topical Term | Problem youth |
| 856 40 - ELECTRONIC LOCATION AND ACCESS | |
| Uniform Resource Identifier | http://site.ebrary.com/lib/rucke/Doc?id=10427346 |
No items available.
